Prénoms M2 MSM 2025-2026 IAE Poitiers - Statistiques

Statistiques générales
  • Ce quiz a été pris 17 fois
  • Le résultat moyen est 10 sur 22
Statistiques - réponses
Prénoms % Correct
Julie
89%
Romane
67%
Alia
56%
Arshad
56%
Basil
56%
Mathilde
56%
Nathan
56%
Patrick
56%
Abbygaëlle
44%
Alexis
44%
Arthur
44%
Aya
44%
Elorie
44%
Faraniaina
44%
Jeanne
44%
Qiyun
44%
Rachel
44%
Vince
44%
Antonin
33%
Martin
33%
Noémie D
22%
Noémie S
22%
Aucun quiz correspondant
Distribution des résultats
% des personnes avec chaque résultat
Percentile par nombre de réponses
Votre historique - résultats
Vous n’avez pas pris ce quiz